01320nam a2200337Ia 4500001001200000003000800012006001900020007001500039008004100054010001700095015001500112020001500127020004000142040002100182035002100203050002900224100001800253245009700271260006100368300003200429504006400461533015200525600003300677650003700710650002300747650002300770655002900793710001700822856012600839999001700965ebr10070295CaPaEBRm u cr cn|||||||||030327s2003 mduab sb 001 0beng d z 2003047528 aGBA3-V7854 z0801881404 z0801874033 (hardcover : alk. paper) aCaPaEBRcCaPaEBR a(OCoLC)55935091114aQH429.2.G35bB856 2003eb1 aBulmer, M. G.10aFrancis Galtonh[electronic resource] :bpioneer of heredity and biometry /cMichael Bulmer. aBaltimore, Md. :bJohns Hopkins University Press,c2003. axvii, 357 p. :bill., maps. aIncludes bibliographical references (p. 333-349) and index. aElectronic reproduction.bPalo Alto, Calif. :cebrary,d2013.nAvailable via World Wide Web.nAccess may be limited to ebrary affiliated libraries.10aGalton, Francis,d1822-1911. 0aGeneticistszEnglandvBiography. 0aGeneticsxHistory. 0aBiometryxHistory. 7aElectronic books.2local2 aebrary, Inc.40uhttp://site.ebrary.com/lib/rucke/Doc?id=10070295zAn electronic book accessible through the World Wide Web; click to view c31143d31143